Oferta de valores en la universidad /

La educación, señala el autor, corresponde a los ideales que cada época acaricia como prioritarios. De la jerarquía de valores depende la orientación de la educación integral. En nuestra sociedad hemos vivido como prioritario el valor del consumo. Pero, lo más significativo para la sociedad en la qu...

Descripción completa

Detalles Bibliográficos
Autor principal: Flecha Andrés, José Román
Formato: Analitica de revista
Lenguaje:español
Publicado: Santiago, Chile Pontificia Universidad Católica de Chile 1996

MARC

LEADER 00000cab a2200000 a 4500
001 036298
003 UAHC_CL
005 20170803123957.0
008 030922s1994 cl f 000 spa
040 |a UAHC_CL  |c UAHC_CL  |d UAHC_CL 
100 1 |a Flecha Andrés, José Román. 
245 1 0 |a Oferta de valores en la universidad /  |c José Román Flecha Andrés. 
260 |b Pontificia Universidad Católica de Chile  |c 1996  |a Santiago, Chile 
300 |a p. 233-261 
500 |a En: Pensamiento educativo, nû18, 1996. p. 233-261. ISSN 07171013. 
500 |a En: Pensamiento educativo, n°18, 1996. p. 233-261. ISSN 07171013. 
500 |a En: Pensamiento educativo, nç18, 1996. p. 233-261. ISSN 07171013. 
520 |a La educación, señala el autor, corresponde a los ideales que cada época acaricia como prioritarios. De la jerarquía de valores depende la orientación de la educación integral. En nuestra sociedad hemos vivido como prioritario el valor del consumo. Pero, lo más significativo para la sociedad en la que vive el hombre de hoy es precisamente la información, o más bien la información sometida a las nuevas tecnologías de la información.\En ese contexto, la universidad es, tribuna y escena, púlpito y cátedra; cualquier programa educativo constituye siempre una impresionante oferta de valores y desvalores. La universidad como otros institutos de comunicación, de información y de formación está abierto necesariamente a todas las demandas de la humanidad; por tanto, vive un momento muy claro de apertura universal. Bajo esas perspectivas se analiza la comunicación de valores y el pluralismo, los valores como objeto de la educación y la oferta universitaria de valores. Finalmente se trata el tema de la prioridad de valores. 
520 |a La educación, señala el autor, corresponde a los ideales que cada época acaricia como prioritarios. De la jerarquía de valores depende la orientación de la educación integral. En nuestra sociedad hemos vivido como prioritario el valor del consumo. Pero, lo más significativo para la sociedad en la que vive el hombre de hoy es precisamente la información, o más bien la información sometida a las nuevas tecnologías de la información.\En ese contexto, la universidad es, tribuna y escena, púlpito y cátedra; cualquier programa educativo constituye siempre una impresionante oferta de valores y desvalores. La universidad como otros institutos de comunicación, de información y de formación está abierto necesariamente a todas las demandas de la humanidad; por tanto, vive un momento muy claro de apertura universal. Bajo esas perspectivas se analiza la comunicación de valores y el pluralismo, los valores como objeto de la educación y la oferta universitaria de valores. Finalmente se trata el tema de la prioridad de valores. 
520 |a La educaciÛn, seÒala el autor, corresponde a los ideales que cada Època acaricia como prioritarios. De la jerarquÌa de valores depende la orientaciÛn de la educaciÛn integral. En nuestra sociedad hemos vivido como prioritario el valor del consumo. Pero, lo m·s significativo para la sociedad en la que vive el hombre de hoy es precisamente la informaciÛn, o m·s bien la informaciÛn sometida a las nuevas tecnologÌas de la informaciÛn.\En ese contexto, la universidad es, tribuna y escena, púlpito y c·tedra; cualquier programa educativo constituye siempre una impresionante oferta de valores y desvalores. La universidad como otros institutos de comunicaciÛn, de informaciÛn y de formaciÛn est· abierto necesariamente a todas las demandas de la humanidad; por tanto, vive un momento muy claro de apertura universal. Bajo esas perspectivas se analiza la comunicaciÛn de valores y el pluralismo, los valores como objeto de la educaciÛn y la oferta universitaria de valores. Finalmente se trata el tema de la prioridad de valores. 
759 |a PP160 
773 0 |t Revista PRELAC  |w 041234 
900 |a PENSAMIENTO EDUCATIVO-18/96 
942 |c REVA 
952 |0 0  |1 0  |4 0  |6 PENSAMIENTO_EDUCATIVO18_96_000000000000000  |7 0  |8 General  |9 69019  |a BC  |b BC  |c General  |d 2017-08-03  |l 0  |o PENSAMIENTO EDUCATIVO-18/96  |p FICTICIO4800  |r 2019-01-08 00:00:00  |t 1  |w 2017-08-03  |y REVA 
999 |c 36298  |d 36298